| 000 | 01007nam a2200265Ia 4500 | ||
|---|---|---|---|
| 008 | 200819s9999||||xx |||||||||||||| ||und|| | ||
| 020 | _a9622086314 | ||
| 020 | _a9789622086319 | ||
| 041 |
_achi _heng |
||
| 050 |
_aBS2330.3 _b.A3412 2005 |
||
| 100 | _aAchtemeier, Paul J. | ||
| 245 | 0 |
_a新約文學與神學 : _b保羅及其書信 = Introducing the New Testament / _c亞德邁耶 (Paul J. Achtemeier), 格林 (Joel B. Green), 湯瑪恩(Marianne Meye Thompson) 著; 陳子安譯 |
|
| 246 |
_a新约文学与神学 : _b保罗及其书信 |
||
| 260 |
_a香港 : _b天道書樓有限公司, _c2005 |
||
| 300 |
_a4, 263 p. _b; _c21 cm. |
||
| 500 | _aTranslations of: Introducing the New Testament. | ||
| 650 | _aBible. Epistles of Paul Criticism, interpretation, etc. | ||
| 650 | _aBible. New Testament Introductions. | ||
| 650 | _aPaul, the Apostle, Saint. | ||
| 700 | _aGreen, Joel B. | ||
| 700 | _aThompson, Marianne Meye | ||
| 700 | _a亞德邁耶 | ||
| 700 | _a陳子安 | ||
| 999 |
_c13501 _d13501 |
||